Statistics for One Direction Songs - Title Acronym

Click here to take the quiz!

General Stats

  • This quiz has been taken 632 times
    (631 since last reset)
  • The average score is 10 of 15

Answer Stats

HintAnswer% Correct
YAIYou and I
81%
TDKAUThey Don't Know About Us
79%
IICFIf I Could Fly
77%
DMDDrag Me Down
74%
SMSame Mistakes
68%
SMGSteal My Girl
68%
LFKLast First Kiss
66%
LWDLong Way Down
65%
GAGirl Almighty
64%
LYGLove You Goodbye
63%
EAYEverything About You
61%
BFYBack For You
59%
CMMChange My Mind
59%
LYFLoved You First
59%
SMHStole My Heart
56%

Score Distribution

Percentile by Number Answered

Percent of People with Each Score

Your Score History

You have not taken this quiz since the last reset